Logo Alphabet Quiz - Statistics

General Stats
  • This quiz has been taken 1,496 times
    44 since last reset
  • The average score is 24 of 26
Answer Stats
Picture Answer % Correct
Apple
100%
Disney
100%
eBay
100%
Facebook
100%
Google
100%
IKEA
100%
BMW
97%
Coca-Cola
97%
Honda
97%
KFC
97%
Lego
97%
McDonald's
97%
Netflix
97%
PayPal
97%
Samsung
97%
JetPunk
94%
Tesla
94%
Wendy's
91%
XBOX
91%
Roblox
88%
YouTube
88%
Zelda
76%
Opel
74%
Versace
65%
Umbro
62%
Qantas
59%
No matching quizzes found
Score Distribution
Percent of People with Each Score
Percentile by Number Answered
Your Score History
You have not taken this quiz since the last reset